00342nam a2200121Ia 450000500170000000800410001708200130005810000180007124500570008926000440014630000120019065000180020220241119023513.0240331s9999 xx 000 0 und d bSENa823 aSenevaratne,M 4aThe fleeting moment :ba collection of short stories aColombobSwastika Private Limitedc1986 a56 p ., aShort Stories